000 01051cam a22003135i 4500
999 _c28386
_d28357
001 20029579
003 EG-ScBUE
005 20200705100316.0
008 170922t20192019maua f 001 0 eng d
020 _a9781337561914
020 _a1337561916
040 _aDLC
_beng
_erda
_cDLC
_dEG-ScBUE
082 0 4 _a004
_bSCH
_222
100 1 _aSchneider, G. Michael,
_eauthor.
245 1 0 _aInvitation to computer science /
_cG. Michael Schneider, Macalester College, Judith L. Gersting, Indiana University-Purdue University at Indianapolis.
250 _aEighth edition.
264 1 _aBoston, MA :
_bCengage Learning,
_c[2019]
264 4 _cc2019
300 _axxvii, 898 pages :
_billustrations color ;
_c26 cm
336 _atext
_btxt
_2rdacontent
337 _aunmediated
_bn
_2rdamedia
338 _avolume
_bnc
_2rdacarrier
500 _aIncludes index.
650 7 _aComputer science.
_2BUEsh
653 _bENGELC
_bCOMSCI
_cMarch2020
_cJuly2020
655 _vText book
_933728
700 1 _aGersting, Judith L.,
_eauthor.
_933367
942 _2ddc
_cBB